000 00440 a2200169 4500
001 072247
003 OSt
005 20210906143301.0
008
082 _a720.954
_bV59I
100 1 _aVerma, S.K.
245 1 _aIndian architecture through the ages
_cby S.K. Verma
260 _aDelhi
_bManglam Publications
_c2012
300 _a264p.
690 _aIndia; Architecture; Art, Indic
942 _2ddc
_cBK
999 _c5482
_d5482